[Event "HUN-chT2 Szechenyi 1718"]
[Site "Hungary"]
[Date "2018.01.28"]
[Round "5.6"]
[White "Biskopics, Marton"]
[Black "Gyarmati, Janos"]
[Result "1/2-1/2"]
[WhiteElo "1985"]
[BlackElo "2002"]
[PlyCount "38"]
[EventDate "2017.10.29"]
[EventType "team-tourn"]
[EventRounds "9"]
[EventCountry "HUN"]
[SourceTitle "EXT 2021"]
[Source "ChessBase"]
[SourceDate "2020.10.23"]
[SourceVersion "1"]
[SourceVersionDate "2020.10.23"]
[SourceQuality "1"]
[WhiteTeam "Keszthely Spartacus"]
[BlackTeam "Tapolca VSE II"]
[WhiteTeamCountry "HUN"]
[BlackTeamCountry "HUN"]

1. Nf3 d5 2. g3 Nf6 3. Bg2 c6 4. c4 e6 5. 0-0 Bd6 6. b3 0-0 7. d4 b6 8. Bb2 Nbd7 9. Nbd2 Bb7 10. e3 Rc8 11. Rc1 Qe7 12. Ne5 Rfd8 13. Qe2 Ba3 14. Bxa3 Qxa3 15. Nxd7 Rxd7 16. Nb1 Qe7 17. c5 Rdd8 18. Qb2 Nd7 19. b4 b5 1/2-1/2

[Event "HUN-chT2 Charousek 1415"]
[Site "Hungary"]
[Date "2015.03.01"]
[Round "7"]
[White "Palla, Gyorgy"]
[Black "Gyarmati, Janos"]
[Result "1/2-1/2"]
[WhiteElo "2060"]
[BlackElo "2032"]
[PlyCount "77"]
[EventDate "2014.10.12"]
[EventType "team-tourn"]
[EventRounds "9"]
[EventCountry "HUN"]
[SourceTitle "EXT 2016"]
[Source "ChessBase"]
[SourceDate "2015.10.08"]
[SourceVersion "1"]
[SourceVersionDate "2015.10.08"]
[SourceQuality "1"]
[WhiteTeam "Balatonfuered"]
[BlackTeam "Tapolca"]
[WhiteTeamCountry "HUN"]
[BlackTeamCountry "HUN"]

1. Nf3 d5 2. c4 e6 3. g3 Nf6 4. Bg2 Be7 5. 0-0 0-0 6. d4 Nbd7 7. cxd5 exd5 8. Nc3 c6 9. a3 a5 10. Qc2 Re8 11. Rd1 Bd6 12. e4 Nxe4 13. Nxe4 dxe4 14. Ng5 Nf6 15. Nxe4 Nxe4 16. Bxe4 h6 17. Be3 Bg4 18. Rd2 Qe7 19. Bg2 Rec8 20. Rc1 Be6 21. Re2 Qd7 22. Qd2 Bc7 23. Qc3 Bd5 24. Bxd5 Qxd5 25. Qc5 Rd8 26. Qxd5 Rxd5 27. Rc5 Rad8 28. Rxd5 Rxd5 29. Rc2 f5 30. h4 Kf7 31. a4 g5 32. hxg5 hxg5 33. f4 gxf4 34. gxf4 Bb6 35. Rc4 Ke6 36. Kf2 Kd6 37. Ke2 c5 38. dxc5+ Bxc5 39. Bd2 1/2-1/2

[Event "HUN-chT2 Szechenyi 1415"]
[Site "Hungary"]
[Date "2014.09.07"]
[Round "1.3"]
[White "Farkas, Zsolt"]
[Black "Gyarmati, Janos"]
[Result "1/2-1/2"]
[WhiteElo "2187"]
[BlackElo "2032"]
[PlyCount "96"]
[EventDate "2014.09.07"]
[EventType "team-tourn"]
[EventRounds "11"]
[EventCountry "HUN"]
[SourceTitle "EXT 2016"]
[Source "ChessBase"]
[SourceDate "2015.10.08"]
[SourceVersion "1"]
[SourceVersionDate "2015.10.08"]
[SourceQuality "1"]
[WhiteTeam "Csuti"]
[BlackTeam "Tapolca"]
[WhiteTeamCountry "HUN"]
[BlackTeamCountry "HUN"]

1. e4 d5 2. exd5 Nf6 3. Nf3 Nxd5 4. d4 g6 5. Be2 Bg7 6. 0-0 0-0 7. Bg5 c5 8. c3 Qb6 9. Qc1 Nc6 10. dxc5 Qxc5 11. Nbd2 Bf5 12. Nb3 Qb6 13. Rd1 Nf6 14. Be3 Qc7 15. Nbd4 Nxd4 16. Bxd4 Be4 17. Qe3 Bf5 18. Be5 Qc8 19. Nd4 a6 20. Bf3 Bg4 21. h3 Bxf3 22. Nxf3 Rd8 23. Rxd8+ Qxd8 24. Qd4 Qxd4 25. Bxd4 Rd8 26. Re1 e6 27. g3 Ne8 28. Bxg7 Kxg7 29. Kf1 Nf6 30. Ke2 Kf8 31. c4 Ke7 32. Rc1 a5 33. Rc3 Rc8 34. Nd2 Nd7 35. Rb3 b6 36. Re3 Rc5 37. b3 Re5 38. a3 f5 39. b4 Kd6 40. Nf3 Rxe3+ 41. Kxe3 e5 42. h4 h6 43. Ne1 axb4 44. axb4 Nb8 45. f3 Nc6 46. Nc2 Ne7 47. Kd3 Nc6 48. Ke3 Ne7 1/2-1/2

[Event "HUN-chT2 Charousek 1011"]
[Site "Hungary"]
[Date "2011.05.01"]
[Round "10"]
[White "Szinavel, Zsolt"]
[Black "Gyarmati, Janos"]
[Result "1-0"]
[WhiteElo "2120"]
[BlackElo "2023"]
[PlyCount "51"]
[EventDate "2010.09.12"]
[EventType "team-tourn"]
[EventRounds "11"]
[EventCountry "HUN"]
[SourceTitle "EXT 2012"]
[Source "ChessBase"]
[SourceDate "2011.11.24"]
[SourceVersion "1"]
[SourceVersionDate "2011.11.24"]
[SourceQuality "1"]
[WhiteTeam "Kisber Aszar"]
[BlackTeam "Tapolca"]
[WhiteTeamCountry "HUN"]
[BlackTeamCountry "HUN"]

1. e4 d5 2. exd5 Nf6 3. d4 Nxd5 4. Nf3 g6 5. Be2 Bg7 6. 0-0 Bg4 7. h3 Bxf3 8. Bxf3 c6 9. Na3 0-0 10. Rb1 Na6 11. c3 e6 12. Re1 Nac7 13. Nc4 Rb8 14. Ne5 Ne8 15. a3 Nd6 16. c4 Nc7 17. b3 Nf5 18. Bb2 Qe7 19. Qe2 Rfd8 20. Rbd1 Ne8 21. g3 Qd6 22. d5 cxd5 23. cxd5 Qe7 24. Nc4 Nc7 25. Bxg7 Kxg7 26. d6 1-0

[Event "HUN-chT2 Szechenyi 0910"]
[Site "Hungary"]
[Date "2010.04.11"]
[Round "9.4"]
[White "Gyarmati, Janos"]
[Black "Horvath, Gabor1111"]
[Result "1/2-1/2"]
[WhiteElo "2039"]
[BlackElo "2084"]
[PlyCount "62"]
[EventDate "2009.11.08"]
[EventType "team-tourn"]
[EventRounds "11"]
[EventCountry "HUN"]
[SourceTitle "EXT 2011"]
[Source "ChessBase"]
[SourceDate "2010.11.26"]
[SourceVersion "1"]
[SourceVersionDate "2010.11.26"]
[SourceQuality "1"]
[WhiteTeam "Tapolca Szeremley"]
[BlackTeam "FKMK"]
[WhiteTeamCountry "HUN"]
[BlackTeamCountry "HUN"]

1. e4 e5 2. Nf3 Nf6 3. Nxe5 d6 4. Nf3 Nxe4 5. d3 Nf6 6. d4 d5 7. Bd3 Be7 8. 0-0 Nc6 9. c3 0-0 10. Bg5 Ne4 11. Bxe7 Nxe7 12. Nfd2 Nd6 13. Re1 Bf5 14. Qf3 Bxd3 15. Qxd3 Qd7 16. Na3 Rfe8 17. Nc2 Ng6 18. g3 Qf5 19. Qxf5 Nxf5 20. Rxe8+ Rxe8 21. Re1 Kf8 22. h4 Nd6 23. Rxe8+ Kxe8 24. Ne3 Ne7 25. Kg2 c6 26. f3 Kd7 27. Kf2 Nef5 28. Nxf5 Nxf5 29. Nf1 Ke6 30. Ne3 f6 31. b3 Nxe3 1/2-1/2

[Event "HUN-chT2 Szechenyi 0809"]
[Site "Hungary"]
[Date "2008.11.02"]
[Round "2.7"]
[White "Zamodics, Ferenc"]
[Black "Gyarmati, Janos"]
[Result "1/2-1/2"]
[WhiteElo "1929"]
[BlackElo "2041"]
[PlyCount "163"]
[EventDate "2008.10.26"]
[EventType "team-tourn"]
[EventRounds "11"]
[EventCountry "HUN"]
[SourceTitle "EXT 2010"]
[Source "ChessBase"]
[SourceDate "2010.11.25"]
[SourceVersion "1"]
[SourceVersionDate "2010.11.25"]
[SourceQuality "1"]
[WhiteTeam "Alsoszolnok"]
[BlackTeam "Tapolca II"]
[WhiteTeamCountry "HUN"]
[BlackTeamCountry "HUN"]

1. e4 c5 2. Nf3 e6 3. Nc3 a6 4. g3 Qc7 5. Bg2 Nc6 6. d3 Nf6 7. 0-0 Be7 8. Ng5 0-0 9. f4 d6 10. Be3 Rb8 11. Nh3 b5 12. Qf3 Bb7 13. Nf2 Nd4 14. Qd1 b4 15. Ne2 Nxe2+ 16. Qxe2 d5 17. g4 dxe4 18. dxe4 a5 19. Rfd1 Rbd8 20. h3 Rxd1+ 21. Rxd1 Rd8 22. b3 Rxd1+ 23. Qxd1 Qd7 24. Qxd7 Nxd7 25. e5 Bxg2 26. Kxg2 f6 27. Nd3 fxe5 28. fxe5 g5 29. Kf3 Kf7 30. Ke4 Ke8 31. Nb2 Nb6 32. Kd3 Kd7 33. Nc4 Nxc4 34. Kxc4 Kc6 35. Bd2 Bd8 36. c3 Be7 37. cxb4 cxb4 38. Be3 h6 39. Bf2 Bd8 40. Bc5 Bc7 41. Bf8 Bxe5 42. Bxh6 Bf6 43. Bf8 Kb6 44. a3 bxa3 45. Bxa3 Kc6 46. Bc5 Bd8 47. Bd4 Be7 48. Bc3 Bd8 49. Bd2 e5 50. Bc1 Kd6 51. Ba3+ Kc6 52. Bc5 Bf6 53. Ba7 Bd8 54. Bb8 Bf6 55. Kd3 Kb7 56. Bd6 Kc6 57. Ba3 Kd5 58. Ke3 Bd8 59. Bc1 e4 60. Ke2 Kd4 61. Bb2+ Kd5 62. Bc3 Kc5 63. Ke3 Kd5 64. Bd2 Bb6+ 65. Ke2 Bd8 66. Be3 Ke5 67. Kd2 Kd5 68. Kc2 Kc6 69. Kc3 Kd5 70. Bd4 Bc7 71. Be3 Bd8 72. Kd2 Ke5 73. Ke2 Kd5 74. Kf2 Ke5 75. Kg3 Kd5 76. h4 gxh4+ 77. Kh3 Kc6 78. g5 Kb5 79. g6 Bf6 80. Bg5 Bg7 81. Bd2 a4 82. bxa4+ 1/2-1/2

[Event "HUN-chT2 Szechenyi 0708"]
[Site "Hungary"]
[Date "2008.03.30"]
[Round "9"]
[White "Gyarmati, Janos"]
[Black "Villanyi, Laszlo"]
[Result "0-1"]
[WhiteElo "2038"]
[BlackElo "1926"]
[PlyCount "84"]
[EventDate "2007.10.14"]
[EventType "team"]
[EventRounds "11"]
[EventCountry "HUN"]
[SourceTitle "EXT 2009"]
[Source "ChessBase"]
[SourceDate "2008.11.26"]
[SourceVersion "1"]
[SourceVersionDate "2008.11.26"]
[SourceQuality "1"]
[WhiteTeam "Tapolca Szeremley"]
[BlackTeam "Gyor Komszomol"]
[WhiteTeamCountry "HUN"]
[BlackTeamCountry "HUN"]

1. e4 c5 2. Nf3 d6 3. Bb5+ Bd7 4. Bxd7+ Qxd7 5. 0-0 Nc6 6. Qe2 e6 7. Rd1 Nge7 8. h3 Ng6 9. c4 Nge5 10. Nxe5 dxe5 11. Nc3 Be7 12. d3 0-0 13. Be3 f5 14. f4 exf4 15. Bxf4 e5 16. Bh2 Nd4 17. Qd2 f4 18. Rf1 Bd6 19. Ne2 Rf6 20. Nxd4 cxd4 21. Rf3 g5 22. Qe2 Rg6 23. Rf2 g4 24. hxg4 Rxg4 25. Raf1 Kh8 26. Rf3 Rag8 27. R1f2 Be7 28. Qd2 Bh4 29. Re2 Qg7 30. Kf1 Bg3 31. Bxg3 Rxg3 32. Rxg3 fxg3 33. Ke1 h5 34. Kd1 h4 35. Re1 Qg4+ 36. Kc1 Qf4 37. Rh1 Rf8 38. Qxf4 Rxf4 39. Kc2 Kg7 40. Kb3 Kg6 41. Rg1 Kg5 42. c5 Rf2 0-1

[Event "HUN-chT2 Szechenyi 0708"]
[Site "Hungary"]
[Date "2008.03.16"]
[Round "8"]
[White "Gyarmati, Janos"]
[Black "Babos, Zsolt"]
[Result "1-0"]
[WhiteElo "2038"]
[BlackElo "1856"]
[PlyCount "59"]
[EventDate "2007.10.14"]
[EventType "team"]
[EventRounds "11"]
[EventCountry "HUN"]
[SourceTitle "EXT 2009"]
[Source "ChessBase"]
[SourceDate "2008.11.26"]
[SourceVersion "1"]
[SourceVersionDate "2008.11.26"]
[SourceQuality "1"]
[WhiteTeam "Tapolca Szeremley"]
[BlackTeam "Haladas III"]
[WhiteTeamCountry "HUN"]
[BlackTeamCountry "HUN"]

1. e4 e5 2. Nf3 Nf6 3. Nxe5 d6 4. Nf3 Nxe4 5. d3 Nf6 6. d4 d5 7. Bd3 Be7 8. 0-0 Nc6 9. c3 0-0 10. Bg5 Ne4 11. Bxe7 Qxe7 12. Nbd2 Bg4 13. Re1 f5 14. Qb3 Qd6 15. Bxe4 fxe4 16. Nxe4 Qd7 17. Ned2 Na5 18. Qd1 Nc6 19. Re3 Rf6 20. Qf1 Raf8 21. Rae1 Qf7 22. Qe2 Bh5 23. h3 Rf4 24. Rd3 Rf6 25. Re3 Rf4 26. b4 a6 27. a4 Qf5 28. Qd3 Qf7 29. Ng5 Qf6 30. Qxh7# 1-0